| 000 | 00449nam a2200169Ia 4500 | ||
|---|---|---|---|
| 003 | GCL | ||
| 008 | 140319s9999 xx 000 0 eng d | ||
| 040 |
_aGCL / _cGCL |
||
| 082 | 0 | 4 |
_a709 _bF H |
| 100 | 1 | _aFIERO, GLORIE K. | |
| 245 | 1 | 0 |
_aTHE HUMANISTIC TRADITION / _cFIERO, GLORIE K. |
| 260 |
_a[S.N] : _bWCB BROWN & BENCHANARK ، _c1995 |
||
| 650 | 0 | 4 | _aRENAISSANCE ART |
| 650 | 0 | 4 | _aART, PHILOSOPHY |
| 650 | 0 | 4 | _aART - HISTORY |
| 942 |
_2ddc _cBK |
||
| 999 |
_c11324 _d11324 |
||